| 000 | 02019nam0a2200361 4500 | ||
|---|---|---|---|
| 001 | RU\NLR\BIBL_A\012183793 | ||
| 005 | 20200204121040.0 | ||
| 010 |
_a978-5-907247-70-3 _9500 |
||
| 021 |
_aRU _bКН-П-19-095908 _9КН-П-19-7034 |
||
| 035 | _a(NLR Aleph) 012183793 | ||
| 035 | _a(RuMoRGB)010197790 | ||
| 090 |
_a12286657 _c12286657 |
||
| 100 | _a20200122d2019 u y0rusy50 ca | ||
| 101 | 0 | _arus | |
| 102 | _aRU | ||
| 105 | _aa j 000zy | ||
| 181 | 0 |
_ai _baxxe |
|
| 182 | 0 | _an | |
| 200 | 1 |
_aСовершенствование системы государственного и муниципального управления _eучебник _e[для обучающихся по направлению 38.04.04 Государственное и муниципальное управление"] _fМ. В. Зелинская _gМинистерство сельского хозяйства Российской Федерации, ФГБОУ ВО "Кубанский государственный аграрный университет имени И. Т. Трубилина" |
|
| 203 |
_aТекст _bвизуальный _cнепосредственный |
||
| 210 |
_aКраснодар _cКубГАУ _d2019 |
||
| 215 |
_a140 с. _cил., табл. _d21 |
||
| 320 | _aБиблиогр.: с. 90-92 | ||
| 606 | 1 |
_aГосударственное управление _jУчебники для высших учебных заведений _yРоссийская Федерация _92104841 _3RU\NLR\AUTH\661272589 |
|
| 606 | 1 |
_aМуниципальное управление _jУчебники для высших учебных заведений _yРоссийская Федерация _92098532 _3RU\NLR\AUTH\661269465 |
|
| 686 | 1 | _aХ621я73 | |
| 686 | 1 | _aХ621.011.2я73 | |
| 700 | 1 |
_aЗелинская _bМ. В. _gМария Владимировна |
|
| 942 | _cBOOK | ||
| 980 | _aNBR | ||
| 980 | _aNB | ||